| 000 | 00984nas a2200337 4500 | ||
|---|---|---|---|
| 001 | BR9208788 | ||
| 003 | BR-BrBNA | ||
| 005 | 20231205093151.0 | ||
| 007 | ta | ||
| 008 | 230509b bl.|||p| |||| 00| 00por d | ||
| 040 |
_aBR-BrBNA _bpor _cBiblioteca Nacional de Agricultura |
||
| 041 | _a(Pt) | ||
| 072 | _aF01; L02 | ||
| 100 | 1 | _aFigueiredo, L.A. de | |
| 100 | 1 | _aAbramides, P.L.G. | |
| 100 | 1 | _aCunha, P.G. da | |
| 100 | 1 | _aWerner, J.C. | |
| 100 | 1 | _aPeres, R.M. | |
| 100 | 1 | _aAlcantara, P.B. | |
| 100 | 1 | _aBianchine, D. | |
| 245 | 1 | _aProdutividade de pastagens consorciadas na regiao norte do estado de Sao Paulo. 2. Producao animal | |
| 650 | _aBOVINO | ||
| 650 | _aPASTEJO | ||
| 650 | _aGANHO DE PESO | ||
| 650 | _aPASTAGEM | ||
| 650 | _aCONSORCIACAO DE CULTURA | ||
| 650 | _aSAO PAULO | ||
| 773 | 0 |
_tZootecnia (Brazil) _xISSN 0044-5320 _g(Oct-Dec 1985), v. 23(4) p. 337-362 _wBR9208788 |
|
| 909 |
_a202311 _bLúcia _c55 _dLúcia Elande |
||
| 942 |
_2AGRIS _n0 _cANA |
||
| 999 |
_c136582 _d136582 |
||